Szczegóły MARC21

Grupowe podejmowanie decyzji : elementy teorii, przykłady zastosowań : praca zbiorowa /

003 -Nazwa inst., której nr kontr. jest w polu 001 [,]
    • @
    • Nazwa instytucji, której n kontrolny jest w polu 001
    • NUKAT
005 -DATA I CZAS OSTATNIEJ MODYFIKACJI [,]
    • @
    • pole kontrolne
    • 20241231103230.0
020 -Międzynarod. znormalizowany nr książki - ISBN [ , ]
    • a
    • Numer ISBN
    • 8387367664 Find
    • z
    • Błędny ISBN (P)
    • 8387367654 Find
040 -Instytucja sporządzająca opis [ , ]
    • a
    • Instytucja, która sporządziła opis (NP)
    • TOR U/RSt
    • c
    • Instytucja, która sporządziła rekord (NP)
    • TOR U/RSt
    • d
    • Instytucja, która zmodyfikowała rekord (P)
    • TOR U/AP
942 -Rodzaj dokumentu [ , ]
    • c
    • Rodzaj dokumentu
    • Książka
245 -Strefa tytułu i oznaczenia odpowiedzialności [0,0]
    • a
    • Tytuł
    • Grupowe podejmowanie decyzji : Find
    • b
    • Ciąg dalszy tytułu (NP)
    • elementy teorii, przykłady zastosowań : praca zbiorowa / Find
    • c
    • Pozostałe elementy strefy tytułu i oznaczenia odpowiedzialności (NP)
    • pod red. Honoraty Sosnowskiej ; [aut.] Robert Golański [et al.].
260 -Strefa adresu wydawniczego [ , ]
    • a
    • Miejsce wydania (P)
    • Warszawa :
    • b
    • Nazwa wydawcy (P)
    • Wydaw. Naukowe "Scholar",
    • c
    • Data wydania (P)
    • 1999.
300 -Strefa opisu fizycznego [ , ]
    • a
    • Określenie formy książki i/lub objętość (NP)
    • 174, [1] s. :
    • b
    • Oznaczenie ilustracji (NP)
    • rys., wykr. ;
    • c
    • Format (NP)
    • 21 cm.
336 -Typ zawartości [ , ]
    • a
    • Termin opisujący typ zawartości
    • Tekst
    • b
    • Kod określający zawartość
    • txt
    • 2
    • Źródło (terminu i kodu)
    • rdacontent
337 -Typ mediów [ , ]
    • a
    • Tryb odtwarzania
    • Bez urządzenia pośredniczącego
    • b
    • Kod typu mediów
    • n
    • 2
    • Źródło (terminu i kodu)
    • rdamedia
338 -Typ/rodzaj nośnika [ , ]
    • a
    • Hasło opisujące typ nośnika
    • Wolumin
    • b
    • Kod typu nośnika
    • nc
    • 2
    • Źródło (terminu i kodu)
    • rdacarrier
500 -Uwaga ogólna [ , ]
    • a
    • Uwaga ogólna (NP)
    • Na s. red. błędny ISBN.
504 -Uwaga dot. bibliogr. załącznikowej [ , ]
    • a
    • Uwaga dot. bibliografii załącznikowej
    • Bibliogr. przy rozdziałach.
080 -Uniwersalna Klasyfikacja Dziesiętna [ , ]
    • a
    • Symbol klasyfikacji
    • 342.8
    • 9
    • UKD
    • 3439
    • 2
    • Identyfikator wydania tablic
    • UDC-P058
    • b
    • Dopowiedzenie
    • Prawo wyborcze. Prawo głosowania. Systemy wyborcze.
080 -Uniwersalna Klasyfikacja Dziesiętna [ , ]
    • a
    • Symbol klasyfikacji
    • :519.8
650 -Hasło przedmiotowe [ ,7]
    • a
    • Hasło przedmiotowe
    • Decyzje polityczne.
    • 2
    • Źródło terminu
    • kaba
    • 9
    • KHW
    • 124243
650 -Hasło przedmiotowe [ ,7]
    • a
    • Hasło przedmiotowe
    • Wybory.
    • 2
    • Źródło terminu
    • kaba
    • 9
    • KHW
    • 136505
980 -Symbol UKD [ , ]
    • a
    • UKD
    • 342.8:519.8
700 -Hasło dodatkowe - nazwa osobowa [1, ]
    • a
    • Nazwa osobowa (NP)
    • Sosnowska, Honorata. Find
    • e
    • Określenie rodzaju współpracy
    • Red.
    • 9
    • KHW
    • 24245
700 -Hasło dodatkowe - nazwa osobowa [1, ]
    • a
    • Nazwa osobowa (NP)
    • Golański, Robert. Find
    • 9
    • KHW
    • 93183
920 -ISBN [ , ]
    • a
    • ISBN
    • 83-87367-66-4 Find
    • z
    • Błędny ISBN
    • 83-87367-65-4 Find
Sygnatura Numer inwentarzowy Status udost. Data inwentaryzacji Lokalizacja
 E.67260-22000-08-31BE
 S.86758-32000-08-31BE
 W.204830-32001-10-29BG
W.204830W.204831-32001-10-29BG